| 000 | 00469nam a22001817a 4500 | ||
|---|---|---|---|
| 003 | NUST-PNEC | ||
| 005 | 20170116180710.0 | ||
| 008 | 141002b xxu||||| |||| 00| 0 eng d | ||
| 020 | _a8125600736 | ||
| 040 | _cPNEC | ||
| 082 | _a670.423 BAL | ||
| 100 |
_9507 _aBali, S.P |
||
| 245 |
_aTata's A Handbook of Workshop calculation & science _cS.P. Bali |
||
| 260 |
_aNew Delhi _bTata Publishers |
||
| 300 |
_a571 p. : _bill. ; _c13 cm. |
||
| 650 | _xME | ||
| 942 |
_2ddc _cBK |
||
| 999 |
_c60912 _d60912 |
||